Statistics for Green Logos Quiz

Click here to take the quiz!

General Stats

  • This quiz has been taken 410 times
  • The average score is 9 of 12

Answer Stats

Answer% Correct
Spotify
95%
Starbucks
92%
Android
90%
Xbox
87%
Monster Energy
86%
Sprite
85%
Heineken
84%
WhatsApp
82%
Lacoste
79%
BP
78%
Carlsberg
38%
Tropicana
37%

Score Distribution

Percentile by Number Answered

Percent of People with Each Score

Your Score History

You have not taken this quiz